|
|
|
|
| LEADER |
00000cam a2200000 c 4500 |
| 001 |
027100812 |
| 003 |
DE-627 |
| 005 |
20260206205016.0 |
| 007 |
tu |
| 008 |
920805s1991 gw ||||| m 00| ||ger c |
| 015 |
|
|
|a 91,N19,0189
|2 dnb
|
| 015 |
|
|
|a 92,A34,0546
|2 dnb
|
| 016 |
7 |
|
|a 910638764
|2 DE-101
|
| 020 |
|
|
|a 3789023515
|9 3-7890-2351-5
|
| 035 |
|
|
|a (DE-627)027100812
|
| 035 |
|
|
|a (DE-603)016239482
|
| 035 |
|
|
|a (DE-576)024505137
|
| 035 |
|
|
|a (DE-599)GBV027100812
|
| 035 |
|
|
|a (OCoLC)246871632
|
| 035 |
|
|
|a (OCoLC)27934606
|
| 035 |
|
|
|a (AT-OBV)AC01011709
|
| 040 |
|
|
|a DE-627
|b ger
|c DE-627
|e rakwb
|
| 041 |
|
|
|a ger
|
| 044 |
|
|
|c XA-DE-BW
|
| 050 |
|
0 |
|a KK8714
|
| 084 |
|
|
|a 19
|2 sdnb
|
| 084 |
|
|
|a PH 3920
|2 rvk
|0 (DE-625)rvk/136094:
|
| 100 |
1 |
|
|a Röckrath, Gereon
|d 1959-
|0 (DE-588)114571188X
|0 (DE-627)1005702551
|0 (DE-576)167834177
|4 aut
|
| 109 |
|
|
|a Röckrath, Gereon 1959-
|
| 245 |
1 |
4 |
|a Die Zurechnung von Dritthandlungen bei der Dreieckserpressung
|c Gereon Röckrath
|
| 250 |
|
|
|a 1. Aufl.
|
| 264 |
|
1 |
|a Baden-Baden
|b Nomos-Verl.-Ges.
|c 1991
|
| 300 |
|
|
|a XII, 91 S.
|c 23 cm
|
| 336 |
|
|
|a Text
|b txt
|2 rdacontent
|
| 337 |
|
|
|a ohne Hilfsmittel zu benutzen
|b n
|2 rdamedia
|
| 338 |
|
|
|a Band
|b nc
|2 rdacarrier
|
| 490 |
1 |
|
|a Nomos-Universitätsschriften
|a Recht
|a Kieler Schriften zum Strafrecht
|v 1
|
| 500 |
|
|
|a Includes bibliographical references (p. v-xii)
|
| 502 |
|
|
|a Zugl.: Kiel, Univ., Diss., 1990 u.d.T.: Röckrath, Gereon: Die Zurechnung des Dritthandelns bei der Dreieckserpressung
|
| 583 |
1 |
|
|a Archivierung/Langzeitarchivierung gewährleistet
|f PEBW
|x XA-DE-BW
|2 pdager
|5 DE-31
|
| 583 |
1 |
|
|a Archivierung prüfen
|c 20240324
|f DE-4165
|z 3
|2 pdager
|
| 650 |
|
0 |
|a Extortion
|x Germany
|
| 650 |
|
0 |
|a Fraud
|x Germany
|
| 650 |
|
0 |
|a Third parties (Law)
|x Germany
|
| 655 |
|
7 |
|a Hochschulschrift
|0 (DE-588)4113937-9
|0 (DE-627)105825778
|0 (DE-576)209480580
|2 gnd-content
|
| 689 |
0 |
0 |
|d s
|0 (DE-588)4289064-0
|0 (DE-627)104271949
|0 (DE-576)21082624X
|a Dreieckserpressung
|2 gnd
|
| 689 |
0 |
1 |
|d s
|0 (DE-588)4068129-4
|0 (DE-627)106106430
|0 (DE-576)209172819
|a Zurechnung
|2 gnd
|
| 689 |
0 |
|
|5 DE-101
|
| 751 |
|
|
|a Kiel
|0 (DE-588)4030481-4
|0 (DE-627)106269801
|0 (DE-576)208987711
|4 uvp
|
| 830 |
|
0 |
|a Kieler Schriften zum Strafrecht
|v 1
|9 1
|w (DE-627)171141547
|w (DE-576)025174851
|w (DE-600)1157083-0
|7 am
|
| 889 |
|
|
|w (DE-627)276791274
|
| 935 |
|
|
|i mdedup
|
| 935 |
|
|
|i Blocktest
|
| 935 |
|
|
|h HEB
|i 0501
|
| 935 |
|
|
|h HEB
|i 0503
|
| 936 |
r |
v |
|a PH 3920
|b Raub, Erpressung, Räuberischer Angriff auf Kraftfahrer
|k Rechtswissenschaft
|k Strafrecht, Strafverfahrensrecht, Kriminologie
|k Strafrecht
|k Straftaten gegen Eigentum und Vermögen
|k Raub, Erpressung, Räuberischer Angriff auf Kraftfahrer
|0 (DE-627)1271739836
|0 (DE-625)rvk/136094:
|0 (DE-576)201739836
|
| 936 |
s |
n |
|a p100
|2 mzub
|
| 951 |
|
|
|a BO
|
| ELC |
|
|
|b 1
|
| LOK |
|
|
|0 000 xxxxxcx a22 zn 4500
|
| LOK |
|
|
|0 001 3356512234
|
| LOK |
|
|
|0 003 DE-627
|
| LOK |
|
|
|0 004 027100812
|
| LOK |
|
|
|0 005 20151116135958
|
| LOK |
|
|
|0 008 150728||||||||||||||||ger|||||||
|
| LOK |
|
|
|0 035
|a (DE-21-110)kd6386
|
| LOK |
|
|
|0 040
|a DE-21-110
|c DE-627
|d DE-21-110
|
| LOK |
|
|
|0 689
|a s
|a Erpressung
|
| LOK |
|
|
|0 852
|z Kein Bestand am IfK; Nachweis für KrimDok
|
| LOK |
|
|
|0 852
|a DE-21-110
|
| LOK |
|
|
|0 852 1
|9 00
|
| LOK |
|
|
|0 935
|a k110
|
| LOK |
|
|
|0 939
|a 28-07-15
|b l01
|
| ORI |
|
|
|a SA-MARC-krimdoka001.raw
|